Quick Pick: Stephen King Books Quiz Stats

Quiz Updated Jun 1, 2016

Challenge
Share
Tweet
Embed
Score 0/12 Timer 01:30
3 Plays Today
% Correct
Carrie
91.3%
11|22|63
86.3%
Misery
85.7%
Under the Dome
84.4%
Christine
80.7%
The Long Walk
79.4%
On Writing
77.6%
'Salem's Lot
77.4%
The Dark Tower: The Gunslinger
75%
Different Seasons
69.2%
The Stand
66.6%
Doctor Sleep
54.4%

Today's Daily Dose

Word Ladder
'90s Movies

Quick Pick
'Fire' Movies

On This Day
June 19th II

You're not logged in!

Compare scores with friends on all Sporcle quizzes.
Join for Free
OR
Log In

You Might Also Like...

Show Comments

Extras

Top Quizzes Today


Score Distribution

Your Account Isn't Verified!

In order to create a playlist on Sporcle, you need to verify the email address you used during registration. Go to your Sporcle Settings to finish the process.

Report this User

Report this user for behavior that violates our Community Guidelines.

Details: